[Event "DEM U14w 2021"]
[Site "Willingen GER"]
[Date "2021.08.29"]
[Round "9"]
[White "Labuda, Annika"]
[Black "Glowiak, Alexandra"]
[Result "0-1"]
[Termination "normal"]
[Board "6"]
[WhiteElo "1284"]
[BlackElo "1413"]
[WhiteClock "00:24:22"]
[BlackClock "00:02:43"]
[PlyCount "116"]
[WhiteFideId "16261453"]
[BlackFideId "16259530"]
[EventCountry "GER"]
[EventRounds "9"]
[EventType "swiss"]
[EventDate "2021.08.22"]

1. e4 {[%clk 01:30:59]} {[%emt 18:10:25]} e5 {[%clk 01:30:54]} {[%emt
00:00:05]} 2. Nf3 {[%clk 01:31:20]} {[%emt 00:00:09]} Nc6 {[%clk 01:31:20]}
{[%emt 00:00:04]} 3. Nc3 {[%clk 01:30:02]} {[%emt 00:01:49]} Nf6 {[%clk
01:31:43]} {[%emt 00:00:06]} 4. Bb5 {[%clk 01:30:00]} {[%emt 00:00:33]} Bb4
{[%clk 01:30:14]} {[%emt 00:01:59]} 5. d3 {[%clk 01:29:28]} {[%emt 00:01:01]}
d6 {[%clk 01:30:28]} {[%emt 00:00:17]} 6. Bg5 {[%clk 01:28:27]} {[%emt
00:01:30]} O-O {[%clk 01:30:05]} {[%emt 00:00:54]} 7. O-O {[%clk 01:27:39]}
{[%emt 00:01:18]} Ne7 {[%clk 01:29:50]} {[%emt 00:00:45]} 8. Bc4 {[%clk
01:25:07]} {[%emt 00:03:02]} c6 {[%clk 01:28:28]} {[%emt 00:01:52]} 9. a3
{[%clk 01:25:03]} {[%emt 00:00:33]} Ba5 {[%clk 01:22:18]} {[%emt 00:06:41]} 10.
h3 {[%clk 01:24:03]} {[%emt 00:01:53]} Ng6 {[%clk 01:17:56]} {[%emt 00:04:29]}
11. Nh4 {[%clk 01:20:49]} {[%emt 00:03:42]} Bxc3 {[%clk 01:01:23]} {[%emt
00:17:05]} 12. bxc3 {[%clk 01:21:07]} {[%emt 00:00:12]} d5 {[%clk 01:00:04]}
{[%emt 00:01:50]} 13. exd5 {[%clk 01:20:14]} {[%emt 00:01:22]} cxd5 {[%clk
01:00:03]} {[%emt 00:00:31]} 14. Bb3 {[%clk 01:19:29]} {[%emt 00:01:15]} Be6
{[%clk 00:57:53]} {[%emt 00:02:40]} 15. Qe2 {[%clk 01:13:39]} {[%emt 00:06:20]}
Qc7 {[%clk 00:56:34]} {[%emt 00:01:49]} 16. Nxg6 {[%clk 01:07:53]} {[%emt
00:06:17]} hxg6 {[%clk 00:51:21]} {[%emt 00:05:42]} 17. Qf3 {[%clk 01:01:22]}
{[%emt 00:06:59]} Nh7 {[%clk 00:45:04]} {[%emt 00:06:48]} 18. Bd2 {[%clk
00:59:35]} {[%emt 00:02:17]} Rad8 {[%clk 00:43:58]} {[%emt 00:01:36]} 19. Qe2
{[%clk 00:55:17]} {[%emt 00:04:49]} Rfe8 {[%clk 00:39:49]} {[%emt 00:04:40]}
20. Rad1 {[%clk 00:52:35]} {[%emt 00:03:10]} Bc8 {[%clk 00:35:43]} {[%emt
00:04:36]} 21. c4 {[%clk 00:45:30]} {[%emt 00:07:36]} d4 {[%clk 00:27:18]}
{[%emt 00:08:54]} 22. Rfe1 {[%clk 00:43:55]} {[%emt 00:02:03]} f6 {[%clk
00:21:39]} {[%emt 00:06:12]} 23. c3 {[%clk 00:38:54]} {[%emt 00:05:32]} Qc5
{[%clk 00:15:53]} {[%emt 00:20:08]} 24. Ra1 {[%clk 00:35:25]} Nf8 {[%clk
00:12:47]} 25. Kh1 {[%clk 00:23:56]} {[%emt 00:05:41]} Ne6 {[%clk 00:10:49]}
{[%emt 00:02:29]} 26. Ba4 {[%clk 00:13:33]} {[%emt 00:10:52]} Bd7 {[%clk
00:07:33]} {[%emt 00:03:47]} 27. Bxd7 {[%clk 00:13:51]} {[%emt 00:00:11]} Rxd7
{[%clk 00:08:02]} {[%emt 00:00:02]} 28. g3 {[%clk 00:12:31]} {[%emt 00:01:50]}
Red8 {[%clk 00:07:04]} {[%emt 00:01:27]} 29. Red1 {[%clk 00:11:04]} {[%emt
00:01:56]} Kf7 {[%clk 00:05:33]} {[%emt 00:02:01]} 30. f3 {[%clk 00:10:29]}
{[%emt 00:01:06]} Rh8 {[%clk 00:03:59]} {[%emt 00:02:05]} 31. Kh2 {[%clk
00:09:35]} {[%emt 00:01:23]} dxc3 {[%clk 00:03:06]} {[%emt 00:01:23]} 32. Bxc3
{[%clk 00:09:46]} {[%emt 00:00:18]} Ng5 {[%clk 00:03:13]} {[%emt 00:00:23]} 33.
h4 {[%clk 00:09:51]} {[%emt 00:00:25]} Ne6 {[%clk 00:02:55]} {[%emt 00:00:49]}
34. Kg2 {[%clk 00:09:47]} {[%emt 00:00:33]} Rxh4 {[%clk 00:02:43]} {[%emt
00:00:42]} 35. a4 {[%clk 00:06:35]} {[%emt 00:03:43]} Rd8 {[%clk 00:01:33]}
{[%emt 00:01:39]} 36. Rh1 {[%clk 00:06:20]} {[%emt 00:00:44]} Rxh1 {[%clk
00:01:55]} {[%emt 00:00:09]} 37. Rxh1 {[%clk 00:06:48]} Qa3 {[%clk 00:01:53]}
{[%emt 00:00:32]} 38. Qc2 {[%clk 00:06:23]} {[%emt 00:00:55]} Nc5 {[%clk
00:01:21]} {[%emt 00:01:03]} 39. Rb1 {[%clk 00:06:20]} {[%emt 00:00:32]} b6
{[%clk 00:00:54]} {[%emt 00:00:58]} 40. a5 {[%clk 00:06:34]} {[%emt 00:00:14]}
Rd6 {[%clk 00:00:38]} {[%emt 00:00:47]} 41. Ra1 {[%clk 00:05:45]} {[%emt
00:01:18]} Qb3 {[%clk 00:30:20]} {[%emt 00:00:49]} 42. Qxb3 {[%clk 00:35:56]}
{[%emt 00:00:20]} Nxb3 {[%clk 00:30:47]} {[%emt 00:00:02]} 43. Ra3 {[%clk
00:36:09]} {[%emt 00:00:16]} Nc5 {[%clk 00:22:05]} {[%emt 00:09:12]} 44. axb6
{[%clk 00:34:14]} {[%emt 00:02:25]} axb6 {[%clk 00:21:52]} {[%emt 00:00:45]}
45. Ra7+ {[%clk 00:33:48]} {[%emt 00:00:56]} Rd7 {[%clk 00:04:38]} {[%emt
00:17:45]} 46. Rxd7+ {[%clk 00:33:50]} {[%emt 00:00:26]} Nxd7 {[%clk 00:05:04]}
{[%emt 00:00:04]} 47. Kf2 {[%clk 00:33:51]} {[%emt 00:00:30]} g5 {[%clk
00:03:48]} {[%emt 00:01:46]} 48. Ke3 {[%clk 00:32:52]} {[%emt 00:01:28]} Ke6
{[%clk 00:03:59]} {[%emt 00:00:20]} 49. d4 {[%clk 00:27:38]} {[%emt 00:05:43]}
exd4+ {[%clk 00:04:09]} {[%emt 00:00:21]} 50. Bxd4 {[%clk 00:27:42]} {[%emt
00:00:26]} Ne5 {[%clk 00:04:27]} {[%emt 00:00:12]} 51. Bxe5 {[%clk 00:26:35]}
{[%emt 00:01:36]} fxe5 {[%clk 00:02:26]} {[%emt 00:02:31]} 52. Ke4 {[%clk
00:24:39]} {[%emt 00:02:26]} Kd6 {[%clk 00:02:27]} {[%emt 00:00:29]} 53. Kd3
{[%clk 00:23:51]} {[%emt 00:01:17]} Kc5 {[%clk 00:02:35]} {[%emt 00:00:22]} 54.
Kc3 {[%clk 00:23:36]} {[%emt 00:00:47]} g4 {[%clk 00:02:47]} {[%emt 00:00:17]}
55. fxg4 {[%clk 00:23:39]} {[%emt 00:00:26]} g5 {[%clk 00:01:49]} {[%emt
00:01:29]} 56. Kd3 {[%clk 00:23:49]} {[%emt 00:00:19]} Kb4 {[%clk 00:01:56]}
{[%emt 00:00:24]} 57. Ke4 {[%clk 00:24:11]} {[%emt 00:00:07]} Kxc4 {[%clk
00:02:21]} {[%emt 00:00:06]} 58. Kxe5 {[%clk 00:24:22]} {[%emt 00:00:19]} b5
{[%clk 00:02:43]} {[%emt 00:00:08]} 0-1

[Event "DEM U14w 2021"]
[Site "Willingen GER"]
[Date "2021.08.29"]
[Round "9"]
[White "Sereda, Yaroslava"]
[Black "Ulrich, Helena Irene"]
[Result "1-0"]
[Termination "normal"]
[Board "7"]
[WhiteElo "1750"]
[BlackElo "1540"]
[WhiteClock "00:14:32"]
[BlackClock "00:02:50"]
[PlyCount "69"]
[WhiteFideId "14178940"]
[BlackFideId "16256000"]
[EventCountry "GER"]
[EventRounds "9"]
[EventType "swiss"]
[EventDate "2021.08.22"]

1. e4 {[%clk 01:30:56]} {[%emt 00:00:05]} c5 {[%clk 01:30:55]} {[%emt
00:00:05]} 2. Nf3 {[%clk 01:31:17]} {[%emt 00:00:09]} Nc6 {[%clk 01:31:19]}
{[%emt 00:00:07]} 3. d4 {[%clk 01:31:38]} {[%emt 00:00:08]} cxd4 {[%clk
01:31:44]} {[%emt 00:00:05]} 4. Nxd4 {[%clk 01:32:02]} {[%emt 00:00:06]} Nf6
{[%clk 01:32:09]} {[%emt 00:00:05]} 5. Nc3 {[%clk 01:32:15]} {[%emt 00:00:17]}
e5 {[%clk 01:32:26]} {[%emt 00:00:12]} 6. Ndb5 {[%clk 01:32:06]} {[%emt
00:00:39]} d6 {[%clk 01:32:44]} {[%emt 00:00:12]} 7. Bg5 {[%clk 01:31:23]}
{[%emt 00:01:14]} a6 {[%clk 01:33:00]} {[%emt 00:00:13]} 8. Na3 {[%clk
01:31:46]} {[%emt 00:00:07]} b5 {[%clk 01:33:24]} {[%emt 00:00:06]} 9. Nd5
{[%clk 01:32:07]} {[%emt 00:00:09]} Be7 {[%clk 01:33:46]} {[%emt 00:00:08]} 10.
Bxf6 {[%clk 01:32:13]} {[%emt 00:00:25]} Bxf6 {[%clk 01:34:09]} {[%emt
00:00:07]} 11. c3 {[%clk 01:29:32]} {[%emt 00:03:10]} O-O {[%clk 01:34:07]}
{[%emt 00:00:31]} 12. Nc2 {[%clk 01:29:33]} {[%emt 00:00:30]} Rb8 {[%clk
01:33:51]} {[%emt 00:00:46]} 13. g3 {[%clk 01:28:46]} {[%emt 00:01:17]} Bg5
{[%clk 01:32:10]} {[%emt 00:02:11]} 14. Bg2 {[%clk 01:26:34]} {[%emt 00:02:42]}
Be6 {[%clk 01:30:20]} {[%emt 00:02:20]} 15. Ncb4 {[%clk 01:23:45]} {[%emt
00:03:19]} Nxb4 {[%clk 01:26:03]} {[%emt 00:05:05]} 16. Nxb4 {[%clk 01:24:03]}
Qb6 {[%clk 01:20:26]} {[%emt 00:06:00]} 17. O-O {[%clk 01:22:40]} {[%emt
00:01:53]} g6 {[%clk 01:02:01]} {[%emt 00:18:55]} 18. h4 {[%clk 01:12:27]}
{[%emt 00:10:43]} Bh6 {[%clk 00:56:54]} {[%emt 00:05:36]} 19. Nd5 {[%clk
01:08:59]} {[%emt 00:03:58]} Bxd5 {[%clk 00:55:14]} {[%emt 00:02:11]} 20. Qxd5
{[%clk 01:09:16]} {[%emt 00:00:13]} Rbc8 {[%clk 00:48:20]} {[%emt 00:07:24]}
21. Rad1 {[%clk 01:05:02]} {[%emt 00:04:44]} Rfd8 {[%clk 00:46:12]} {[%emt
00:02:38]} 22. Rd3 {[%clk 01:00:32]} {[%emt 00:04:59]} Rc5 {[%clk 00:29:04]}
{[%emt 00:17:38]} 23. Qb3 {[%clk 01:00:07]} {[%emt 00:00:55]} Rc4 {[%clk
00:23:35]} {[%emt 00:05:59]} 24. Rf3 {[%clk 00:32:57]} {[%emt 00:42:47]} Qc7
{[%clk 00:15:34]} 25. h5 {[%clk 00:23:57]} {[%emt 00:02:53]} Bg5 {[%clk
00:06:44]} {[%emt 00:09:20]} 26. Rd3 {[%clk 00:22:37]} {[%emt 00:01:49]} Qb6
{[%clk 00:06:29]} {[%emt 00:00:46]} 27. Qd1 {[%clk 00:21:14]} {[%emt 00:01:53]}
b4 {[%clk 00:04:08]} {[%emt 00:02:53]} 28. cxb4 {[%clk 00:16:46]} {[%emt
00:04:58]} Qxb4 {[%clk 00:03:34]} {[%emt 00:01:03]} 29. Qg4 {[%clk 00:16:43]}
{[%emt 00:00:33]} Bf6 {[%clk 00:03:31]} {[%emt 00:00:34]} 30. Rb3 {[%clk
00:16:09]} {[%emt 00:01:03]} Qa4 {[%clk 00:02:58]} {[%emt 00:01:03]} 31. Qf3
{[%clk 00:14:23]} {[%emt 00:02:16]} Bg5 {[%clk 00:02:17]} {[%emt 00:01:12]} 32.
Rb7 {[%clk 00:14:07]} {[%emt 00:00:46]} Rd7 {[%clk 00:01:59]} {[%emt 00:00:48]}
33. Rb8+ {[%clk 00:14:15]} {[%emt 00:00:23]} Rd8 {[%clk 00:02:24]} {[%emt
00:00:05]} 34. Rxd8+ {[%clk 00:14:17]} {[%emt 00:00:27]} Bxd8 {[%clk 00:02:50]}
{[%emt 00:00:03]} 35. b3 {[%clk 00:14:32]} 1-0

[Event "DEM U14w 2021"]
[Site "Willingen GER"]
[Date "2021.08.29"]
[Round "9"]
[White "Reich, Elisabeth"]
[Black "von Beckh, Frieda"]
[Result "1-0"]
[Termination "normal"]
[Board "8"]
[WhiteElo "1368"]
[BlackElo "1541"]
[WhiteClock "00:38:40"]
[BlackClock "00:33:59"]
[PlyCount "71"]
[WhiteFideId "16239776"]
[BlackFideId "16233751"]
[EventCountry "GER"]
[EventRounds "9"]
[EventType "swiss"]
[EventDate "2021.08.22"]

1. Nf3 {[%clk 01:30:57]} {[%emt 00:00:03]} d5 {[%clk 01:30:12]} {[%emt
00:00:49]} 2. d3 {[%clk 01:31:17]} {[%emt 00:00:10]} c5 {[%clk 01:28:25]}
{[%emt 00:02:16]} 3. g3 {[%clk 01:31:15]} {[%emt 00:00:32]} Nc6 {[%clk
01:23:22]} {[%emt 00:05:43]} 4. Nbd2 {[%clk 01:31:23]} {[%emt 00:00:11]} Nf6
{[%clk 01:18:33]} {[%emt 00:05:20]} 5. e4 {[%clk 01:30:12]} {[%emt 00:01:40]}
e6 {[%clk 01:16:03]} {[%emt 00:03:00]} 6. Bg2 {[%clk 01:29:59]} {[%emt
00:00:43]} Be7 {[%clk 01:11:29]} {[%emt 00:05:04]} 7. O-O {[%clk 01:29:03]}
{[%emt 00:01:26]} O-O {[%clk 01:09:16]} {[%emt 00:02:43]} 8. a4 {[%clk
01:26:47]} {[%emt 00:02:46]} Qc7 {[%clk 01:06:35]} {[%emt 00:03:10]} 9. Re1
{[%clk 01:23:17]} {[%emt 00:03:59]} Re8 {[%clk 01:01:00]} {[%emt 00:06:06]} 10.
Nf1 {[%clk 01:14:37]} {[%emt 00:09:08]} Bd6 {[%clk 00:59:17]} {[%emt 00:02:15]}
11. Nh4 {[%clk 01:10:09]} {[%emt 00:04:58]} Ne5 {[%clk 00:53:30]} {[%emt
00:06:17]} 12. f4 {[%emt 00:03:40]} Ned7 {[%clk 00:52:26]} {[%emt 00:00:19]}
13. e5 {[%clk 01:07:37]} {[%emt 00:01:08]} Nxe5 {[%clk 00:52:13]} {[%emt
00:00:42]} 14. fxe5 {[%clk 01:07:43]} {[%emt 00:00:25]} Bxe5 {[%clk 00:52:35]}
{[%emt 00:00:07]} 15. c3 {[%clk 01:02:45]} {[%emt 00:05:29]} b6 {[%clk
00:48:32]} {[%emt 00:04:33]} 16. Qe2 {[%clk 01:00:55]} {[%emt 00:02:18]} Bd6
{[%clk 00:47:46]} {[%emt 00:01:17]} 17. Bg5 {[%clk 00:55:59]} {[%emt 00:05:08]}
Nd7 {[%clk 00:46:34]} {[%emt 00:02:01]} 18. Bxd5 {[%clk 00:52:20]} {[%emt
00:04:10]} Bb7 {[%clk 00:46:11]} {[%emt 00:00:51]} 19. Bxb7 {[%clk 00:51:43]}
{[%emt 00:01:09]} Qxb7 {[%clk 00:46:30]} {[%emt 00:00:09]} 20. Qf3 {[%clk
00:51:37]} {[%emt 00:00:33]} Qc7 {[%clk 00:46:19]} {[%emt 00:00:44]} 21. Ng2
{[%clk 00:50:06]} {[%emt 00:02:01]} Ne5 {[%clk 00:44:51]} {[%emt 00:01:57]} 22.
Qe2 {[%clk 00:49:54]} {[%emt 00:00:33]} Qc6 {[%clk 00:41:58]} {[%emt 00:03:34]}
23. Nd2 {[%clk 00:47:33]} {[%emt 00:02:50]} f6 {[%clk 00:40:19]} {[%emt
00:02:09]} 24. Bf4 {[%clk 00:47:38]} {[%emt 00:00:25]} Rad8 {[%clk 00:39:19]}
{[%emt 00:01:31]} 25. Bxe5 {[%clk 00:47:20]} {[%emt 00:00:48]} Bxe5 {[%clk
00:39:37]} {[%emt 00:00:11]} 26. Nf3 {[%clk 00:47:19]} {[%emt 00:00:29]} Bd6
{[%clk 00:39:46]} {[%emt 00:00:23]} 27. Ne3 {[%clk 00:46:06]} {[%emt 00:01:41]}
a6 {[%clk 00:38:10]} {[%emt 00:02:07]} 28. d4 {[%clk 00:45:01]} {[%emt
00:01:36]} cxd4 {[%clk 00:38:28]} {[%emt 00:00:13]} 29. Nxd4 {[%clk 00:45:23]}
{[%emt 00:00:07]} Qb7 {[%clk 00:37:46]} {[%emt 00:01:13]} 30. Qf3 {[%clk
00:41:37]} {[%emt 00:04:13]} Qd7 {[%clk 00:35:02]} {[%emt 00:03:08]} 31. Qc6
{[%clk 00:40:23]} {[%emt 00:01:50]} Qxc6 {[%clk 00:35:17]} {[%emt 00:00:18]}
32. Nxc6 {[%clk 00:40:46]} {[%emt 00:00:07]} Rd7 {[%clk 00:35:16]} {[%emt
00:00:32]} 33. Rad1 {[%clk 00:39:52]} {[%emt 00:01:20]} Rc8 {[%clk 00:35:10]}
{[%emt 00:00:37]} 34. Ne7+ {[%clk 00:39:41]} {[%emt 00:00:40]} Rxe7 {[%clk
00:35:00]} {[%emt 00:00:41]} 35. Rxd6 {[%clk 00:40:05]} {[%emt 00:00:07]} Rb8
{[%clk 00:33:59]} {[%emt 00:01:31]} 36. Nf5 {[%clk 00:38:40]} {[%emt 00:01:52]}
1-0

[Event "DEM U14w 2021"]
[Site "Willingen GER"]
[Date "2021.08.29"]
[Round "9"]
[White "Fischer, Juliane"]
[Black "Alhassan, Jodi"]
[Result "1-0"]
[Termination "normal"]
[Board "9"]
[WhiteElo "1486"]
[BlackElo "1243"]
[WhiteClock "00:30:06"]
[BlackClock "00:27:58"]
[PlyCount "91"]
[WhiteFideId "16290135"]
[BlackFideId "16250460"]
[EventCountry "GER"]
[EventRounds "9"]
[EventType "swiss"]
[EventDate "2021.08.22"]

1. e4 {[%clk 01:30:58]} {[%emt 00:00:02]} c5 {[%clk 01:30:53]} {[%emt
00:00:07]} 2. Nf3 {[%clk 01:31:21]} {[%emt 00:00:07]} d6 {[%clk 01:31:13]}
{[%emt 00:00:11]} 3. d4 {[%clk 01:31:42]} {[%emt 00:00:09]} cxd4 {[%clk
01:31:34]} {[%emt 00:00:07]} 4. Nxd4 {[%clk 01:32:05]} {[%emt 00:00:07]} Nf6
{[%clk 01:31:52]} {[%emt 00:00:13]} 5. Nc3 {[%clk 01:32:28]} {[%emt 00:00:07]}
a6 {[%clk 01:32:07]} {[%emt 00:00:15]} 6. Bg5 {[%clk 01:32:37]} {[%emt
00:00:20]} e6 {[%clk 01:32:19]} {[%emt 00:00:19]} 7. f4 {[%clk 01:32:46]}
{[%emt 00:00:22]} Nbd7 {[%clk 01:31:02]} {[%emt 00:01:46]} 8. Qf3 {[%clk
01:31:44]} {[%emt 00:01:32]} Be7 {[%clk 01:23:05]} {[%emt 00:08:29]} 9. O-O-O
{[%clk 01:31:13]} {[%emt 00:00:59]} Qc7 {[%clk 01:04:19]} {[%emt 00:19:15]} 10.
g4 {[%clk 01:22:59]} {[%emt 00:08:44]} O-O {[%clk 00:58:44]} {[%emt 00:06:05]}
11. Bxf6 {[%clk 01:12:48]} {[%emt 00:10:41]} Bxf6 {[%clk 00:55:15]} {[%emt
00:04:00]} 12. g5 {[%clk 01:12:10]} {[%emt 00:01:07]} Bxd4 {[%clk 00:54:20]}
{[%emt 00:01:27]} 13. Rxd4 {[%clk 01:12:21]} {[%emt 00:00:18]} b5 {[%clk
00:50:58]} {[%emt 00:03:52]} 14. Bg2 {[%clk 01:01:29]} {[%emt 00:11:22]} Bb7
{[%clk 00:42:11]} {[%emt 00:09:17]} 15. Rhd1 {[%clk 00:55:50]} {[%emt
00:06:08]} Rfc8 {[%clk 00:39:56]} {[%emt 00:02:45]} 16. Rxd6 {[%clk 00:49:16]}
{[%emt 00:07:06]} Nc5 {[%clk 00:35:39]} {[%emt 00:04:46]} 17. R6d4 {[%clk
00:35:56]} {[%emt 00:13:48]} Nxe4 {[%clk 00:27:40]} {[%emt 00:08:30]} 18. Rd7
{[%clk 00:27:54]} {[%emt 00:08:30]} Nxc3 {[%clk 00:13:19]} {[%emt 00:20:12]}
19. Qxb7 {[%clk 00:19:03]} {[%emt 00:04:01]} Qxf4+ {[%clk 00:05:06]} {[%emt
00:08:44]} 20. R1d2 {[%clk 00:17:44]} {[%emt 00:01:49]} Na4 {[%clk 00:03:40]}
{[%emt 00:01:55]} 21. Kb1 {[%clk 00:13:04]} {[%emt 00:05:10]} g6 {[%clk
00:02:36]} {[%emt 00:01:34]} 22. Qf3 {[%clk 00:11:59]} {[%emt 00:01:34]} Qxf3
{[%clk 00:01:40]} {[%emt 00:01:28]} 23. Bxf3 {[%clk 00:12:25]} {[%emt
00:00:03]} Rab8 {[%clk 00:00:56]} {[%emt 00:01:15]} 24. Bb7 {[%clk 00:12:07]}
{[%emt 00:00:47]} Rc5 {[%clk 00:00:40]} {[%emt 00:00:46]} 25. b3 {[%clk
00:07:58]} {[%emt 00:04:40]} Nc3+ {[%clk 00:00:35]} {[%emt 00:00:34]} 26. Kb2
{[%clk 00:08:21]} {[%emt 00:00:07]} Nd5 {[%clk 00:00:39]} {[%emt 00:00:27]} 27.
Bxd5 {[%clk 00:08:28]} {[%emt 00:00:21]} exd5 {[%clk 00:01:03]} {[%emt
00:00:06]} 28. R2xd5 {[%clk 00:08:20]} {[%emt 00:00:39]} Rbc8 {[%clk 00:01:02]}
{[%emt 00:00:31]} 29. Rxc5 {[%clk 00:08:16]} {[%emt 00:00:33]} Rxc5 {[%clk
00:01:28]} {[%emt 00:00:05]} 30. h4 {[%clk 00:08:35]} {[%emt 00:00:10]} Kg7
{[%clk 00:01:36]} {[%emt 00:00:23]} 31. Ra7 {[%clk 00:08:36]} {[%emt 00:00:29]}
Rc6 {[%clk 00:01:48]} {[%emt 00:00:18]} 32. Ka3 {[%clk 00:06:02]} {[%emt
00:03:03]} Kf8 {[%clk 00:01:31]} {[%emt 00:00:48]} 33. Kb4 {[%clk 00:05:58]}
{[%emt 00:00:34]} Ke8 {[%clk 00:01:19]} {[%emt 00:00:42]} 34. c4 {[%clk
00:04:20]} {[%emt 00:02:08]} bxc4 {[%clk 00:00:37]} {[%emt 00:01:13]} 35. bxc4
{[%clk 00:04:44]} {[%emt 00:00:06]} f5 {[%clk 00:00:51]} {[%emt 00:00:16]} 36.
gxf6 {[%clk 00:04:57]} {[%emt 00:00:16]} Rxf6 {[%clk 00:01:17]} {[%emt
00:00:03]} 37. Rxh7 {[%clk 00:05:15]} {[%emt 00:00:12]} Rf2 {[%clk 00:01:01]}
{[%emt 00:00:48]} 38. a4 {[%clk 00:04:54]} {[%emt 00:00:50]} Rf4 {[%clk
00:00:58]} {[%emt 00:00:34]} 39. Kc5 {[%clk 00:02:16]} {[%emt 00:03:07]} Kf8
{[%clk 00:01:03]} {[%emt 00:00:25]} 40. Kd5 {[%clk 00:01:37]} {[%emt 00:01:09]}
Rf5+ {[%clk 00:01:17]} {[%emt 00:00:17]} 41. Kd6 {[%clk 00:00:42]} {[%emt
00:01:25]} Ra5 {[%clk 00:28:59]} {[%emt 00:02:48]} 42. c5 {[%clk 00:30:35]}
{[%emt 00:00:37]} Rxa4 {[%clk 00:28:46]} {[%emt 00:00:43]} 43. c6 {[%clk
00:30:27]} {[%emt 00:00:38]} Rd4+ {[%clk 00:27:30]} {[%emt 00:01:45]} 44. Kc5
{[%clk 00:29:21]} {[%emt 00:01:36]} Rd8 {[%clk 00:27:35]} {[%emt 00:00:24]} 45.
c7 {[%clk 00:29:42]} {[%emt 00:00:10]} Rc8 {[%clk 00:27:58]} {[%emt 00:00:06]}
46. Rh8+ {[%clk 00:30:06]} {[%emt 00:00:05]} 1-0

[Event "DEM U14w 2021"]
[Site "Willingen GER"]
[Date "2021.08.29"]
[Round "9"]
[White "Heuberger, Sandra"]
[Black "Arnold, Rubina"]
[Result "1-0"]
[Termination "normal"]
[Board "10"]
[WhiteElo "1110"]
[BlackElo "1498"]
[WhiteClock "00:12:44"]
[BlackClock "00:10:11"]
[PlyCount "61"]
[WhiteFideId "16232151"]
[BlackFideId "16276272"]
[EventCountry "GER"]
[EventRounds "9"]
[EventType "swiss"]
[EventDate "2021.08.22"]

1. d4 {[%clk 01:30:57]} {[%emt 00:00:03]} d5 {[%clk 01:30:53]} {[%emt
00:00:06]} 2. c4 {[%clk 01:31:23]} {[%emt 00:00:04]} e5 {[%clk 01:31:17]}
{[%emt 00:00:07]} 3. dxe5 {[%clk 01:27:18]} {[%emt 00:04:35]} d4 {[%clk
01:31:36]} {[%emt 00:00:10]} 4. Nf3 {[%clk 01:25:55]} {[%emt 00:01:52]} Nc6
{[%clk 01:31:57]} {[%emt 00:00:10]} 5. e3 {[%clk 01:24:01]} {[%emt 00:02:25]}
Bb4+ {[%clk 01:32:16]} {[%emt 00:00:10]} 6. Nbd2 {[%clk 01:21:49]} {[%emt
00:02:42]} dxe3 {[%clk 01:32:21]} {[%emt 00:00:26]} 7. fxe3 {[%clk 01:21:55]}
{[%emt 00:00:23]} Nh6 {[%clk 01:32:21]} {[%emt 00:00:31]} 8. a3 {[%clk
01:20:41]} {[%emt 00:01:44]} Be7 {[%clk 01:32:30]} {[%emt 00:00:20]} 9. h3
{[%clk 01:17:01]} {[%emt 00:04:10]} Nf5 {[%clk 01:32:45]} {[%emt 00:00:16]} 10.
Kf2 {[%clk 01:07:00]} {[%emt 00:10:37]} Bh4+ {[%clk 01:22:49]} {[%emt
00:10:19]} 11. Kg1 {[%clk 01:04:34]} {[%emt 00:02:53]} Ng3 {[%clk 01:13:12]}
{[%emt 00:10:10]} 12. Nxh4 {[%clk 00:59:02]} {[%emt 00:06:02]} Qxh4 {[%clk
01:13:21]} {[%emt 00:00:21]} 13. Nf3 {[%clk 00:58:52]} {[%emt 00:00:39]} Qe7
{[%clk 01:08:34]} {[%emt 00:05:17]} 14. Rh2 {[%clk 00:58:04]} {[%emt 00:01:17]}
Nxe5 {[%clk 01:06:23]} {[%emt 00:02:42]} 15. Bd2 {[%clk 00:53:53]} {[%emt
00:04:40]} O-O {[%clk 00:59:53]} {[%emt 00:07:01]} 16. Bc3 {[%clk 00:52:36]}
{[%emt 00:01:47]} Nxf3+ {[%clk 00:56:38]} {[%emt 00:03:45]} 17. Qxf3 {[%clk
00:52:20]} {[%emt 00:00:45]} Nxf1 {[%clk 00:56:02]} {[%emt 00:01:06]} 18. Rxf1
{[%clk 00:52:33]} {[%emt 00:00:16]} f6 {[%clk 00:50:37]} {[%emt 00:05:57]} 19.
h4 {[%clk 00:52:12]} {[%emt 00:00:51]} Re8 {[%clk 00:45:43]} {[%emt 00:05:23]}
20. Re1 {[%clk 00:51:57]} {[%emt 00:00:46]} c6 {[%clk 00:43:52]} {[%emt
00:02:21]} 21. h5 {[%clk 00:51:16]} {[%emt 00:01:10]} Be6 {[%clk 00:37:41]}
{[%emt 00:06:42]} 22. Qf4 {[%clk 00:49:23]} {[%emt 00:02:21]} Qc5 {[%clk
00:30:25]} {[%emt 00:07:48]} 23. h6 {[%clk 00:40:32]} {[%emt 00:09:22]} Qxc4
{[%clk 00:23:44]} {[%emt 00:07:11]} 24. Qf3 {[%clk 00:32:27]} {[%emt 00:23:22]}
Qg4 {[%clk 00:20:35]} 25. Qf2 {[%clk 00:31:45]} Qg5 {[%clk 00:17:12]} 26. hxg7
{[%clk 00:30:44]} Kxg7 {[%clk 00:17:15]} 27. Rf1 {[%clk 00:30:09]} Rf8 {[%clk
00:16:36]} 28. Qe2 {[%clk 00:26:37]} {[%emt 00:02:10]} Rad8 {[%clk 00:12:26]}
{[%emt 00:04:40]} 29. Bd4 {[%clk 00:14:18]} {[%emt 00:12:49]} b5 {[%clk
00:11:17]} {[%emt 00:01:40]} 30. Qc2 {[%clk 00:12:49]} {[%emt 00:01:59]} Bc4
{[%clk 00:10:11]} {[%emt 00:01:36]} 31. Qxh7# {[%clk 00:12:44]} {[%emt
00:00:34]} 1-0